NCAA Career Rushing Yards Leaders: Tennessee Vols - Statistics

General Stats
  • This quiz has been taken 21 times
  • The average score is 4 of 10
Answer Stats
Rank Yards Answer Years Played % Correct
5 2,677 Jamal Lewis 1997-99
73%
1 3,078 Travis Henry 1997-00
73%
6 2,638 Jalen Hurd 2014-16
67%
2 2,964 Arian Foster 2005-08
53%
3 2,890 James Stewart 1991-94
33%
4 2,852 Johnnie Jones 1981-84
27%
9 2,391 Montario Hardesty 1993-96
27%
7 2,634 Cedric Houston 2001-04
7%
8 2,609 Jay Graham 1993-96
7%
10 2,364 Curt Watson 1969-71
0%
No matching quizzes found
Score Distribution
Percent of People with Each Score
Percentile by Number Answered
Your Score History
You have not taken this quiz